48 abstracciones /

-д хадгалсан:
Номзүйн дэлгэрэнгүй
Үндсэн зохиолч: Zepeda Carmona, Rosalía Imelda (coordinación y edición)
Байгууллагын зохиогч: Museo José de Jesús Olivares Rodríguez
Бусад зохиолчид: Haro Reyes, Carlos W. (texto) (texto), Olivares Zepeda, José de Jesús (fotógrafo) (fotógrafo), Aldapa, Ignacio (pintor) (pintor)
Формат: Ном
Хэл сонгох:испани
Хэвлэсэн: Etzatlán, México : Museo José de Jesús Olivares Rodríguez, 2016, c2016
Нөхцлүүд:
Шошгууд: Шошго нэмэх
Шошго байхгүй, Энэхүү баримтыг шошголох эхний хүн болох!

MARC

LEADER 00000nam^a2200000^a^4500
001 000556805
005 20250521000000.0
009 20260310131746.942
037 |a Acervo ITESO - Biblioteca 
041 |a ESP 
082 |a 759. 97207  |b ZEP 
100 |a Zepeda Carmona, Rosalía Imelda  |e (coordinación y edición) 
245 1 0 |a 48 abstracciones /  |c Coord. y ed. de R.I. Zepeda Carmona ; texto de C.W. Haro Reyes ; fotógrafo J.J. Olivares Zepeda ; pintor I. Aldapa... [et al.]. 
264 4 |a Etzatlán, México :  |b Museo José de Jesús Olivares Rodríguez,  |c 2016, c2016 
300 |a 32 p. 
336 |a texto  |b txt  |2 rdacontenido 
337 |a sin mediación  |b n  |2 rdamedio 
338 |a volumen  |b nc  |2 rdasoporte 
649 |a XX 
650 |a Pintores Jaliscienses 
650 |a Pintores Mexicanos 
650 |a Artistas Jaliscienses 
650 |a Artistas Mexicanos 
650 |a Mujeres Jaliscienses 
650 |a Mujeres Mexicanas 
650 |a Museo José de Jesús Olivares Rodríguez 
650 |a Museos y Galerías -  |z Etzatlán, Jalisco 
650 |a Museos y Galerías -  |z Jalisco 
650 |a Museos y Galerías -  |z México 
650 |a Pintura Jalisciense -  |x Catálogos -  |x Tema Principal 
650 |a Pintura Mexicana -  |x Catálogos 
650 |a Arte Abstracto -  |z Jalisco -  |x Tema Principal 
650 |a Arte Abstracto -  |z México 
650 |a Arte Abstracto -  |y Siglo XXI 
650 |a Arte Jalisciense -  |y Siglo XXI 
650 |a Arte Mexicano -  |y Siglo XXI 
700 |a Haro Reyes, Carlos W.  |e (texto) 
700 |a Olivares Zepeda, José de Jesús  |e (fotógrafo) 
700 |a Aldapa, Ignacio  |e (pintor) 
710 |a Museo José de Jesús Olivares Rodríguez 
910 |a Fondo General 
920 |a Impresos - Libros 
930 |a Reserva Especial 
905 |a 103 
901 |a 0500395967  |b IT1  |c REE  |i D83277  |u 20250521 
902 |a https://opac.biblio.iteso.mx/vufind/Record/000556805